| 000 | 00674cam a2200193 a 4500 | ||
|---|---|---|---|
| 999 |
_c6803 _d6803 |
||
| 003 | OSt | ||
| 005 | 20230705180947.0 | ||
| 008 | 000803s1997 ii a b 001 0 eng | ||
| 100 | 1 | _aChakrabarti, Debkumar. | |
| 245 | 1 | 0 |
_aIndian anthropometric dimensions for ergonomic design practice / _cDebkumar Chakrabarti. |
| 260 |
_aAhmedabad : _bNational Institute of Design, _cc1997. |
||
| 300 |
_axii, 161 p. : _bill. ; _c29 cm. |
||
| 504 | _aIncludes bibliographical references (p. 153-156) and index. | ||
| 650 | 0 |
_aAnthropometry _zIndia. |
|
| 650 | 0 |
_aEast Indians _xAnthropometry. |
|
| 650 | 0 |
_aHuman engineering _zIndia. |
|
| 710 | 2 | _aNational Institute of Design. | |
| 942 | _2ddc | ||